Welcome to CU Library Online Public Access Catalogue (OPAC)

I'll love you forever / (Record no. 9017)

MARC details
000 -LEADER
fixed length control field 00704cam a2200217 a 4500
001 - CONTROL NUMBER
control field 4887137
005 - DATE AND TIME OF LATEST TRANSACTION
control field 20260313121956.0
008 - FIXED-LENGTH DATA ELEMENTS--GENERAL INFORMATION
fixed length control field 930325s1993 cou b 000 0 eng
020 ## - INTERNATIONAL STANDARD BOOK NUMBER
International Standard Book Number 1561791385
020 ## - INTERNATIONAL STANDARD BOOK NUMBER
International Standard Book Number 9781561791385
050 00 - LIBRARY OF CONGRESS CALL NUMBER
Classification number HQ755.85
Item number .W77 1993
082 00 - DEWEY DECIMAL CLASSIFICATION NUMBER
Classification number 306.874
Edition information 20
100 1# - MAIN ENTRY--PERSONAL NAME
Personal name Wright, H. Norman.
245 10 - TITLE STATEMENT
Title I'll love you forever /
Statement of responsibility, etc. Norm and Joyce Wright.
260 ## - PUBLICATION, DISTRIBUTION, ETC.
Place of publication, distribution, etc. Colorado Springs, Colo. :
Name of publisher, distributor, etc. Focus on the Family Pub. ;
Place of publication, distribution, etc. Dallas, Tex. :
Name of publisher, distributor, etc. Distributed in the U.S.A. and Canada by Word Books,
Date of publication, distribution, etc. c1993.
300 ## - PHYSICAL DESCRIPTION
Extent 187 p. ;
Dimensions 25 cm.
650 #0 - SUBJECT ADDED ENTRY--TOPICAL TERM
Topical term or geographic name entry element Parent and child.
650 #0 - SUBJECT ADDED ENTRY--TOPICAL TERM
Topical term or geographic name entry element Parenting
General subdivision Psychological aspects.
700 1# - ADDED ENTRY--PERSONAL NAME
Personal name Wright, Joyce,
Dates associated with a name 1937-
942 ## - ADDED ENTRY ELEMENTS (KOHA)
Source of classification or shelving scheme Library of Congress Classification
Koha item type Books
Suppress in OPAC No
999 ## -
-- 9017
-- 9017
Holdings
Withdrawn status Lost status Source of classification or shelving scheme Damaged status Not for loan Collection Home library Current library Shelving location Date acquired Total checkouts Full call number Barcode Date last seen Copy number Price effective from Koha item type
    Library of Congress Classification     Non-fiction Business Library (Miotso) Business Library (Miotso) General stacks 03/11/2026   HQ755.85 .W77 1993 BSSM00002735 03/13/2026 1 03/11/2026 Books
© 2023-2024 Copyright: Central University Libraries. All Rights Reserved | Created by: Mahone Tech Office